[Event "GER-ch U10 Girls"]
[Site "Willingen"]
[Date "2017.06.07"]
[Round "7"]
[White "Winkler, Sarah"]
[Black "Fischer, Darja"]
[Result "0-1"]
[WhiteElo "1251"]
[BlackElo "1196"]
[PlyCount "80"]
[EventDate "2017.06.04"]
[EventType "swiss"]
[EventRounds "11"]
[EventCountry "GER"]
[SourceTitle "CBM 178 Extra"]
[Source "ChessBase"]
[SourceDate "2017.06.22"]
[SourceVersion "1"]
[SourceVersionDate "2017.06.22"]
[SourceQuality "1"]

1. e4 e5 2. Nf3 Nc6 3. Bc4 Bc5 4. c3 Nf6 5. d3 d6 6. 0-0 0-0 7. Be3 Bg4 8. h3 Bh5 9. Nbd2 a6 10. Bb3 Re8 11. Re1 d5 12. exd5 Bxe3 13. fxe3 Nxd5 14. Ne4 Nf6 15. Ng3 Bg6 16. Qd2 Bxd3 17. Rad1 e4 18. Nd4 Nxd4 19. cxd4 Qd6 20. Qf2 a5 21. Rd2 a4 22. Bc2 Bxc2 23. Rxc2 Ra5 24. Qf4 Qxf4 25. exf4 Rd5 26. Nxe4 Nxe4 27. Rxc7 Rxd4 28. Rxb7 Nd6 29. Rxe8+ Nxe8 30. Rb8 Kf8 31. g3 Ke7 32. Rc8 Rd3 33. Rc3 Rxc3 34. bxc3 Kd6 35. Kf2 Kc5 36. Ke2 Kc4 37. Kd2 Nd6 38. Kc2 a3 39. Kd2 Ne4+ 40. Kc2 Nxc3 0-1

[Event "GER-ch U10 Girls"]
[Site "Willingen"]
[Date "2017.06.05"]
[Round "3"]
[White "Pohle, Saskia"]
[Black "Winkler, Sarah"]
[Result "1-0"]
[WhiteElo "1568"]
[BlackElo "1251"]
[PlyCount "71"]
[EventDate "2017.06.04"]
[EventType "swiss"]
[EventRounds "11"]
[EventCountry "GER"]
[SourceTitle "CBM 178 Extra"]
[Source "ChessBase"]
[SourceDate "2017.06.22"]
[SourceVersion "1"]
[SourceVersionDate "2017.06.22"]
[SourceQuality "1"]

1. e4 e5 2. Nf3 Nc6 3. d4 exd4 4. Bc4 Nf6 5. e5 d5 6. Bb5 Ne4 7. Nxd4 Bd7 8. Bxc6 Bxc6 9. Nxc6 bxc6 10. 0-0 Bc5 11. Nd2 Nxd2 12. Qxd2 0-0 13. Qc3 Qe7 14. Bf4 Rab8 15. Rad1 Rb6 16. b3 Bb4 17. Qg3 Kh8 18. c3 Ba3 19. b4 Qe6 20. Rb1 c5 21. Be3 Rb5 22. Bxc5 Ra8 23. c4 Rb7 24. cxd5 Qxd5 25. Qxa3 Qxe5 26. Rfe1 Qf5 27. Qe3 h6 28. Qe4 Qh5 29. Qxb7 Rd8 30. Qxc7 Rd2 31. Qxa7 Qf5 32. Qa8+ Kh7 33. Qe4 Kg6 34. Qxf5+ Kxf5 35. a4 g5 36. b5 1-0